00994nab a22002177a 4500999001500000003000400015005001700019008004100036040000700077100003400084245011600118260007300234300001300307500004400320505011800364505008900482650002600571650002000597773014600617942001300763 c5465d5465OSt20251113131617.0190604e xxu||||| |||| 00| 0 spa d cPJ 94518aUrbina, Paola Alejandra13aLa importancia de formar en y para ejercer derechos humanos en el ámbito educativo /cPaola Alejandra Urbina. aCiudad Autónoma de Buenos Aires :bThomson Reuters La Ley, c2025. ap. 21-27 aCita Online: TR LALEY AR/DOC/284/2025.  tSumario: Sumario: I. Introducción.— II. El dec. 1086/2024.— III. Régimen vigente.— IV. Conclusión.  t¿Te interesa el texto completo? Solicitalo al correo: koha@justierradelfuego.gov.ar 09614aDERECHOS HUMANOS 094592aEDUCACION0 0271493171dCiudad Autónoma de Buenos Aires : Thomson Reuters La Ley, 2014-tRevista anales de legislación argentina. Nº 7 - Julio 2025. 2udccANA